|
|
|
|
| LEADER |
00000cam a2200000 a 4500 |
| 001 |
vtls008938761 |
| 003 |
SK-MaSNL |
| 005 |
20260301141033.0 |
| 008 |
240314|2006 xr ob g f 000 0dcze |
| 020 |
|
|
|a 8025108171
|q (viaz.)
|
| 040 |
|
|
|a SNK
|b slo
|c SNK
|e AACR2
|
| 041 |
0 |
|
|a cze
|
| 044 |
|
|
|a xr
|c CZ
|
| 072 |
|
7 |
|a 623
|x Vojenská technika
|2 konspekt
|
| 080 |
|
|
|a 623.454.8
|2 2001
|
| 080 |
|
|
|a (0.062)
|2 2001
|
| 100 |
1 |
|
|a Dušek, Jiří,
|d 1971-
|4 aut
|9 89896
|
| 245 |
1 |
0 |
|a Jaderné zbraně
|c Jiří Dušek, Jan Píšala
|
| 250 |
|
|
|a Vyd. 1.
|
| 260 |
|
|
|a Brno
|b Computer Press
|c 2006
|
| 300 |
|
|
|a 88 s.
|b fareb. fotogr., mp.
|c 28 cm
|
| 490 |
1 |
|
|a Stručná historie
|
| 650 |
0 |
7 |
|a jadrové zbrane
|2 SNKPH
|9 1514
|
| 650 |
0 |
7 |
|a Nuclear weapons
|2 SNKPHeng
|9 318755
|
| 655 |
|
7 |
|a populárno-náučné publikácie
|2 SNKPH
|9 70460
|
| 655 |
|
7 |
|a Popular works
|2 SNKPHeng
|9 90287
|
| 700 |
1 |
|
|a Píšala, Jan,
|d 1982-
|4 aut
|9 104833
|
| 830 |
|
0 |
|a Stručná historie
|9 468903
|
| 919 |
|
|
|a 80-251-0817-1
|
| 999 |
|
|
|c 765813
|d 767743
|
| 952 |
|
|
|t snkDUS 623.454.8(091)
|a SNKUST
|b SNKUST
|y PREZ
|7 0
|p 17A0554640
|o snkIB 71532
|i snk2007/16363
|8 4
|g 12.12
|0 0
|1 0
|4 0
|d 2007-06-20
|l 0
|r 2025-04-29 00:00:00
|w 2026-02-24
|